000 00313nam a2200145Ia 4500
100 _aSedra/ Smith
250 _a4
942 _cBK
654 _amicroelectronics
245 _aMicroelectronics Circuits
260 _bOxford university
_c1998
082 _a621.3815
_bSED/SM
546 _aENGLISH
999 _c23308
_d23308